Statistics for Tallest Cities in Illinois

Click here to take the quiz!

General Stats

  • This quiz has been taken 38 times
    (11 since last reset)
  • The average score is 5 of 9

Answer Stats

Tallest BuildingHeightAnswer% Correct
Willis Tower1,451 Feet/ 443 MetersChicago
100%
Illinois State Capitol361 Feet/ 110 MetersSpringfield
100%
College Corner268 Feet/ 82 MetersChampaign
73%
Twin Towers308 Feet/ 94 MetersPeoria
73%
Chase Buiding277 Feet/ 84 MetersEvanston
45%
Vantage256 Feet/ 78 MetersOak Park
45%
Watterson Towers299 Feet/ 91 MetersNormal
36%
Oakbrook Terrace Tower418 Feet/ 127 MetersOakbrook Terrace
27%
Two Pierce Place395 Feet/ 120 MetersItasca
9%

Score Distribution

Percentile by Number Answered

Percent of People with Each Score

Your Score History

You have not taken this quiz since the last reset